Library Logo

Pioneer International University Library Catalogue

Financial accounting : (Record no. 3443)

MARC details
000 -LEADER
fixed length control field 00681cam a2200193 a 4500
005 - DATE AND TIME OF LATEST TRANSACTION
control field 20250901165414.0
008 - FIXED-LENGTH DATA ELEMENTS--GENERAL INFORMATION
fixed length control field 000105s2001 ohua b 001 0 eng
010 ## - LIBRARY OF CONGRESS CONTROL NUMBER
LC control number 00020512
020 ## - INTERNATIONAL STANDARD BOOK NUMBER
International Standard Book Number 0324024525 (alk. paper)
020 ## - INTERNATIONAL STANDARD BOOK NUMBER
International Standard Book Number 0324069529 (computer disk)
050 00 - LIBRARY OF CONGRESS CALL NUMBER
Classification number HF5635 .I483 2001
Item number .I483 2001
082 00 - DEWEY DECIMAL CLASSIFICATION NUMBER
Classification number 658.15/4
Edition information 21
100 1# - MAIN ENTRY--PERSONAL NAME
Personal name Ingram, Robert W.
245 10 - TITLE STATEMENT
Title Financial accounting :
Remainder of title a bridge to decision making /
Statement of responsibility, etc. Robert W. Ingram, Bruce A. Baldwin.
250 ## - EDITION STATEMENT
Edition statement 4th ed.
260 ## - PUBLICATION, DISTRIBUTION, ETC.
Place of publication, distribution, etc. Cincinnati, Ohio :
Name of publisher, distributor, etc. South-Western College Pub.,
Date of publication, distribution, etc. c2001.
300 ## - PHYSICAL DESCRIPTION
Extent 1 v. (various pagings) :
Other physical details ill. ;
Dimensions 28 cm. +
Accompanying material 1 computer laser optical disk (4 3/4 in.)
942 ## - ADDED ENTRY ELEMENTS (KOHA)
Source of classification or shelving scheme Dewey Decimal Classification
Holdings
Withdrawn status Lost status Source of classification or shelving scheme Damaged status Not for loan Home library Current library Shelving location Date acquired Total checkouts Full call number Barcode Date last seen Date last checked out Price effective from Koha item type
    Library of Congress Classification     Main Library Main Library   03/24/2021 2 HF5635 .I483 2001 PIU0002001 10/19/2021 10/19/2021 03/24/2021 Books